Largest U.S States and Canadian Provinces and Territories by Area - Statistics

General Stats
  • This quiz has been taken 165 times
    79 since last reset
  • The average score is 12 of 22
Answer Stats
Area mi² State, Province or Territory Area km² % Correct
665,384 Alaska 1,723,337
97%
808,185 Nunavut 2,093,190
92%
595,391 Quebec 1,542,056
92%
519,734 Northwest Territories 1,346,106
78%
268,596 Texas 695,662
78%
415,598 Ontario 1,076,395
76%
364,764 British Columbia 944,735
75%
255,541 Alberta 661,848
67%
250,116 Manitoba 647,797
63%
163,695 California 423,967
60%
251,366 Saskatchewan 651,036
60%
186,272 Yukon 482,443
57%
147,040 Montana 380,831
52%
156,453 Newfoundland and Labrador 405,212
46%
121,590 New Mexico 314,917
40%
113,990 Arizona 295,234
33%
110,572 Nevada 286,380
30%
104,094 Colorado 269,601
29%
98,379 Oregon 254,799
25%
97,813 Wyoming 253,335
24%
86,936 Minnesota 225,163
14%
96,714 Michigan 250,487
10%
No matching quizzes found
Score Distribution
Percent of People with Each Score
Percentile by Number Answered
Your Score History
You have not taken this quiz since the last reset